000 00519nam a22001817a 4500
003 CEME
005 20210628205236.0
008 210223b xxu||||| |||| 00| 0 eng d
020 _a0-13-324112-2
040 _c.
082 _a658.2 LAM'A
100 _aLamb, Richard G
_974543
245 _aAvailability engineering and management for manufacturing plant performance
260 _aNEWJERSCY
_bPRENTICE HALL
_c1995
300 _aXIX,391P
650 _aPLANT MAINTENANCE FACTORY MANAGEMENT
_974544
942 _cBK
_2ddc
999 _c580062
_d580062